000 00383cam a22001337a 4500
008 180718b-- xxu||||| |||| 00| 0 eng d
082 _aA45:XA
100 _aIndia. Ministry of Housing and Urban Poverty Alleviation
245 _aAnnual report
260 _aNew Delhi
_bThe author
_c--
500 _aLibrary has 2007/08-2009/10
650 _aPoverty - India
650 _aHousing - India
999 _c491323
_d491323